Anatomie et médecine par lettre - F - Statistiques

Statistiques générales
  • Ce quiz a été pris 718 fois
  • Le résultat moyen est 9 sur 16
Statistiques - réponses
Hint Réponse % Correct
Os le plus long du corps Fémur
99%
Zone du visage au-dessus des sourcils Front
98%
Organe produisant la bile Foie
94%
Nom donné à l'oeuf pendant la grossesse, suivant l'embryon Foetus
90%
Element du tableau périodique souvent présent dans le dentifrice Fluor
85%
Creux dans la joue, apparaissant souvent en souriant Fossette
81%
Son déficit se nomme carence martiale Fer
73%
Anciennement appelée "Péroné" Fibula
57%
Synonyme d'hyperthermie Fièvre
52%
Tout ce qui est relatif aux champignons Fongique
40%
Nerf numéro 7 des paires crâniennes Facial
33%
Accumulation de selles dans le tube digestif Fécalome
33%
Conduit / orifice pathologique entre 2 organes Fistule
28%
L'acide de la vitamine B9 Folique
27%
Terme anatomique pour désigner un orifice Foramen
25%
Grosse tubérosité de l'estomac Fundus
22%
Aucun quiz correspondant
Distribution des résultats
% des personnes avec chaque résultat
Percentile par nombre de réponses
Votre historique - résultats
Vous n’avez pas pris ce quiz